000 01435nam0a2200373 4500
001 RU\NLR\bibl\133857
005 20260607042841.0
010 _a5-8316-0050-5
_93000
021 _aRU
_b2000-34864
_91617
035 _a(NLR Aleph) 000131117
090 _a748863
_c748863
100 _a20010205d2000 |||y0rusy50 ca
101 0 _arus
102 _aRU
105 _ay |||||||||
200 1 _aРынок ценных бумаг
_fА. В. Шестаков, Д. А. Шестаков
205 _a2-е изд., перераб. и доп.
210 _aМ.
_cДашков и К°
_d2000
215 _a269,[1] с.
_d20
320 _aБиблиогр.: с. 204-205
606 0 _aЦенные бумаги
_xРынки
_yРоссийская Федерация
_92121921
_3RU\NLR\auth\661281220
610 0 _aЦенные бумаги (экон.) - Рынок
675 _a336.763(075.8)
_v3
_zrus
686 _a06.75
_2rugasnti
686 _a65.262.2я73
_2rubbk
686 _aУ26(2)229.2
700 1 _4070
_7ca
_8rus
_aШестаков
_bА. В.
_cэкономист
_gАнатолий Васильевич
_94318
_3RU\NLR\auth\7721255
701 1 _4070
_7ca
_8rus
_aШестаков
_bД. А.
_f1949-
_gДмитрий Анатольевич
_922360
_3RU\NLR\auth\7739376
801 0 _aRU
_bRKP
_c20010205
_gPSBO
801 1 _aRU
_bRKP
_c20010205
801 2 _aRU
_bNLR
_c20060614
_grcr
942 _cBOOK
980 _aNB